000 00457nam a2200181Ia 4500
001 22544
005 20260414150838.0
008 260414t2015||||xx |||||||||||||| ||spa||
041 _aESP
082 _a621.382
_bH46 2015
100 _aHerrera Pérez, Enrique
_eAUT
245 0 _aIntroducción a las telecomunicaciones modernas
_b
260 _c2015
300 _a410 páginas :
_c26 cm.
650 _aTCA
654 _aCET
942 _cLIB
_dJUS
_fJUS
_2ddc
_n
999 _c22544
_d22544